La filosofía española de Luis Vives / (Record no. 184622)

MARC details
000 -LEADER
campo de control de longitud fija 00675nam a2200193 i 4500
001 - NÚMERO DE CONTROL
campo de control 184622
003 - IDENTIFICADOR DE NÚMERO DE CONTROL
campo de control ES-MaACL
005 - FECHA Y HORA DE LA ÚLTIMA TRANSACCIÓN
campo de control 20250930063157.0
008 - DATOS DE LONGITUD FIJA--INFORMACIÓN GENERAL
campo de control de longitud fija 151027s1940 sp |||| | spa d
100 1# - ENTRADA PRINCIPAL--NOMBRE DE PERSONA
Nombre de persona Puigdollers Oliver, Mariano,
Fechas asociadas al nombre 1896-1984
9 (RLIN) 158034
245 13 - MENCIÓN DEL TÍTULO
Título La filosofía española de Luis Vives /
Mención de responsabilidad, etc. por Mariano Puigdollers Oliver.
260 ## - PUBLICACIÓN, DISTRIBUCIÓN, ETC.
Lugar de publicación, distribución, etc. Barcelona :
Nombre del editor, distribuidor, etc. Labor,
Fecha de publicación, distribución, etc. 1940.
300 ## - DESCRIPCIÓN FÍSICA
Extensión 319 p. :
Otras características físicas 16 lám. ;
Dimensiones 19 cm.
490 1# - MENCIÓN DE SERIE
Mención de serie Colección pro Ecclesia et Patria ;
Designación de volumen o secuencia 17
600 14 - PUNTO DE ACCESO ADICIONAL DE MATERIA--NOMBRE DE PERSONA
Nombre de persona Vives, Juan Luis,
Fechas asociadas al nombre 1492-1540
9 (RLIN) 115574
830 0# - PUNTO DE ACCESO ADICIONAL DE SERIE-TÍTULO UNIFORME
Título uniforme Colección pro Ecclesia et Patria ;
Designación de volumen o secuencia 17
9 (RLIN) 192193
852 ## - LOCALIZACIÓN
Ubicación ES-MaACL
Número de control de estantería C-29150
Holdings
Estatus retirado Estado de pérdida Estado de daño No para préstamo Biblioteca de origen Biblioteca actual Ubicación en estantería Fecha de adquisición Fuente de adquisición Total de préstamos Signatura topográfica completa Código de barras Visto por última vez Precio de reemplazo Tipo de ítem Koha
        Biblioteca del Ateneo de Madrid Biblioteca del Ateneo de Madrid Depósito 2 27/10/2015     C-29150 1194378 23/02/2023 23/02/2023 Libro impreso